Comentarios al Estatuto de los trabajadores / Emilio Torres Gallego
Descripción Física:
319 p. ; 23 cm
MARC
| LEADER | 00000nam a2200000Ia 4500 | ||
|---|---|---|---|
| 001 | 10561 | ||
| 008 | 160829s1980 xx 000 0 cat d | ||
| 080 | |a M-3-295 | ||
| 100 | |a Torres Gallego, Emilio |9 24448 | ||
| 245 | |a Comentarios al Estatuto de los trabajadores / Emilio Torres Gallego | ||
| 260 | |a Madrid : |b Asociación para el Progreso de la Dirección, |c 1980 | ||
| 300 | |a 319 p. ; |c 23 cm | ||
| 650 | |a Espanya. Estatuto de los trabajadores (1980) |9 24449 | ||
| 901 | |a Arxiu | ||
| 942 | |n 1 | ||
| 952 | |0 0 |1 0 |4 0 |6 M3295 |7 1 |9 43160 |a Arxiu |b Arxiu |d 2016-12-01 |l 0 |o M-3-295 |p 10561 |r 2016-12-01 00:00:00 |w 2016-12-01 |y ARXIU | ||
| 999 | |c 45704 |d 45704 | ||